Представление документа в формате MARC21

Поле Инд. ПП Название Значение
Тип записи a
Библиографический уровень b
001 Контрольный номер RU/IS/BASE/264552854
005 Дата корректировки 20200522190614.7
008 Кодируемые данные 19951121
084 a Индекс другой классификации/Индекс ББК 63.3(2)43-33
097 00 a 750
100 10 a Автор Филюшкин А.
q Полное имя Филюшкин Александр
245 00 a Заглавие Избранная рада - исторический миф
600 a Персоналии Иван IV Грозный
650 a Основная рубрика история
653 00 a Ключевые слова XVI век
a Ключевые слова боярство
a Ключевые слова государственность
a Ключевые слова дворянство
a Ключевые слова Избранная Рада
a Ключевые слова Россия
773 00 t Заглавие источника Родина
d Дата издания источника 1995
g Прочая информация № 7. - С. 50 - 53
w Контрольный № источника RU/IS/BASE/148495316
901 t Тип документа b